| 000 | 00861nam a2200241 a 4500 | ||
|---|---|---|---|
| 008 | |||
| 040 |
_aNUST _cNUST |
||
| 049 | _aMAIN | ||
| 090 |
_aTS192 _bCIA. |
||
| 245 | 1 | 0 |
_aSADCC forest industries training centre (FITC) regional Africa : _bmantainance management/ _cedited by Consorzio Agrital Ricerche. |
| 260 |
_aRome : _bFood and Agriculture Organization Of the United Nations, _c1990. |
||
| 300 |
_a139 pages : _billustrations ; _c30 cm. |
||
| 336 |
_atext _btxt _2rdacontent |
||
| 337 |
_aunmediated _bn _2rdamedia |
||
| 338 |
_avolume _bnc _2rdacarrier |
||
| 500 | _aBased on the work of Aldo Tiberi | ||
| 650 |
_aIndustrial safety _xmanagement. |
||
| 700 | _aRicerche, Consorzio and Agrital | ||
| 907 |
_a.b10416560 _b23-03-22 _c23-03-22 |
||
| 003 | |||
| 005 | 20230123141236.0 | ||
| 942 |
_cBOOKS _kTS192 _mCIA. |
||
| 999 |
_c170124 _d170124 |
||